Migración, criminalidad y violencia en la frontera Norte de México /
El texto examina la compleja interacción entre la migración, la criminalidad y la violencia en la región fronteriza del norte de México. El texto analiza cómo los flujos migratorios, tanto legales como ilegales, interactúan con las dinámicas del crimen organizado y la violencia en esta zona geográfi...
Uloženo v:
| Hlavní autor: | |
|---|---|
| Médium: | Kniha |
| Jazyk: | Spanish |
| Témata: | |
| Tagy: |
Přidat tag
Žádné tagy, Buďte první, kdo vytvoří štítek k tomuto záznamu!
|
MARC
| LEADER | 00000nam a22000007a 4500 | ||
|---|---|---|---|
| 003 | cru CIDCACS/IIS | ||
| 005 | 20230902194613.0 | ||
| 007 | ta | ||
| 008 | 180531s2011 mx |||||r|||||||| ||spa|d | ||
| 040 | |c cru CIDCACS/IIS | ||
| 100 | 1 | |9 7302 |a González Reyes, Pablo Jesús | |
| 245 | 1 | |a Migración, criminalidad y violencia en la frontera Norte de México / |c Pablo Jesús González Reyes | |
| 300 | |a páginas 79-93: |b tablas | ||
| 520 | |a El texto examina la compleja interacción entre la migración, la criminalidad y la violencia en la región fronteriza del norte de México. El texto analiza cómo los flujos migratorios, tanto legales como ilegales, interactúan con las dinámicas del crimen organizado y la violencia en esta zona geográfica. González Reyes explora las razones detrás de la migración hacia el norte de México, así como los riesgos y desafíos que enfrentan los migrantes en su travesía y al cruzar la frontera. El autor también aborda el papel de los grupos criminales en la explotación de los migrantes y la generación de violencia en la región. A través de ejemplos y análisis empíricos, el texto busca comprender cómo estas dinámicas complejas impactan en la vida de las personas en la frontera norte de México. 11/2022 | ||
| 650 | 0 | |2 OCDE |9 299 |a MIGRACION | |
| 650 | 0 | |2 OCDE |9 7481 |a CRIMINALIDAD | |
| 650 | 0 | |2 OCDE |9 133 |a VIOLENCIA | |
| 650 | 0 | |2 OCDE |9 449 |a CRIMEN ORGANIZADO | |
| 650 | 0 | |2 OCDE |9 2345 |a SEGURIDAD | |
| 651 | 0 | |2 OCDE |9 3410 |a MEXICO | |
| 773 | 0 | |0 41479 |9 2056 |a Ocampo Guzmán, María Guadalupe |d México: Universidad Autónoma de Chiapas, 2011 |o 17730 |t Estudios regionales en el siglo XXI: |z 082135552X | |
| 942 | |2 ddc |c PP | ||
| 999 | |c 41483 |d 41483 | ||



